English language, culture and society proceedings of the third symposium of Tempus, University of East Anglia

Salvato in:
Dettagli Bibliografici
Natura: Libro
Lingua:inglese
Pubblicazione: Norwich University of East Anglia 1994
Soggetti:
Tags: Aggiungi Tag
Nessun Tag, puoi essere il primo ad aggiungerne!!

MARC

LEADER 00000nam a2200000 4500
001 c131359
005 20221123112334.7
020 |a 3-927510-41-6 
041 0 |a eng 
044 |a GB 
245 1 0 |a English language, culture and society  |b proceedings of the third symposium of Tempus, University of East Anglia 
264 1 |a Norwich  |b University of East Anglia  |c 1994 
300 |a 94 s. 
610 2 0 |a vyučovanie 
610 2 0 |a jazykoveda 
610 2 0 |a jazyky cudzie 
610 2 0 |a kultúra 
610 2 0 |a spoločnosť 
610 2 0 |a školy vysoké